Reptiles - Sudden Death - Statistics

General Stats
  • This quiz has been taken 8,733 times
  • The average score is 8 of 16
Answers on the Grid
Answers color-coded by a green-red scale on the quiz's grid according to % correct below.
Adder
Agouti
Banded krait
Bandicoot
Basilisk
Bearded dragon
Black widow
Boomslang
Bushmaster
Chameleon
Crowned crane
Dingo
Fer-de-lance
Gecko
Giant squid
Giant tortoise
Gibbon
Gila monster
Hare
Hermit crab
Komodo dragon
Leatherback turtle
Octopus
Oyster
Painted terrapin
Salamander
Saltwater crocodile
Serval
Slow worm
Stingray
Three-toed sloth
Wigeon
 
Answer Stats
Answer % Correct
Komodo dragon
73%
Chameleon
71%
Gecko
70%
Bearded dragon
67%
Saltwater crocodile
67%
Giant tortoise
62%
Leatherback turtle
60%
Gila monster
55%
Basilisk
51%
Adder
48%
Painted terrapin
38%
Boomslang
33%
Banded krait
32%
Bushmaster
28%
Fer-de-lance
25%
Slow worm
18%
No matching quizzes found
Score Distribution
Percent of People with Each Score
Percentile by Number Answered
Your Score History
You have not taken this quiz